| 000 | 00810nam a2200241 4500 | ||
|---|---|---|---|
| 001 | 11102 | ||
| 003 | HDC | ||
| 007 | cr bn ---aaaaa | ||
| 008 | 210206c dr|noo 0 a eng d | ||
| 040 | _aHDC | ||
| 245 | 0 |
_aHalal goes global: _btourism, food, lifestyle products are driving explosive growth |
|
| 260 |
_a[No place] : _bAlbawaba Business , _c[no year] |
||
| 336 |
_atext _2rdacontent |
||
| 337 |
_acomputer _2rdamedia |
||
| 338 |
_aonline resource _2rdacarrier |
||
| 650 |
_aHalal industry _9144 |
||
| 650 |
_aTourism _9880 |
||
| 710 | _aAlbawaba Business | ||
| 856 | _zRequest full-text at [email protected] | ||
| 942 | _2lcc | ||
| 942 | _cNEWS | ||
| 942 | _kNWSO 002235 | ||
| 999 |
_c8425 _d8425 |
||